| 000 | 00451nam a22001697a 4500 | ||
|---|---|---|---|
| 003 | CEME | ||
| 005 | 20210628203724.0 | ||
| 008 | 210415b xxu||||| |||| 00| 0 eng d | ||
| 020 | _a1-85532-112-2 | ||
| 040 | _c. | ||
| 082 | _a623.746 FRA'E | ||
| 100 |
_aLewis, Peter B , Francillon, Rene J , Dunn, Jim _967019 |
||
| 245 | _aElectronic wizards , crows, zappers and weasels | ||
| 260 |
_bOSPREY _c1991 |
||
| 300 | _a128P.ILL.COL | ||
| 942 |
_cBK _2ddc |
||
| 999 |
_c574876 _d574876 |
||